Statistics for Star Wars actors

Click here to take the quiz!

General Stats

  • This quiz has been taken 5 times
    (3 since last reset)
  • The average score is 24 of 67

Answer Stats

Hint Answer % Correct
YodaFrank Oz
100%
FinnJohn Boyega
100%
Darth Vader ( voice )James Earl Jones
100%
Kylo RenAdam Driver
100%
Leia OrganaCarrie Fisher
100%
ReyDaisy Ridley
100%
R2-D2Kenny Baker
100%
Qui Gonn JinnLiam Neeson
100%
Luke SkyalkerMark Hamill
100%
C-3POAnthony Daniels
100%
General HuxDomhnall Gleeson
67%
Mace WinduSamuel L Jackson
67%
Jyn ErsoFelicity Jones
67%
Count DookuChristopher Lee
67%
Padme AmidalaNatalie Portman
67%
Bail OrganaJimmy Smits
67%
Supreeme Leader SnokeAndy Serkis
67%
WicketWarwick Davis
67%
Anakin SkywalkerHayden Christensen
67%
Mon MothmaCaroline Blakiston
33%
Maz KanataLupita Nyong'o
33%
Jango FettTemuera Morrison
33%
Poe DameronOscar Isaac
33%
TeeboJack Purvis
33%
Lando CalrissianBilly Dee Williams
33%
Unkar PluttSimon Pegg
33%
Ki Adi Mundi/ Nute GunraySilas Carson
33%
K2-SOAlan Tudyk
33%
Aayla SecuraAmy Allen
33%
Jar Jar BinksAhmed Best
33%
Boss NassBrian Blessed
33%
Darth MaulRay Park
33%
Captain PanakaHugh Quarshie
33%
Bodhi RookRiz Ahmed
33%
Boba FettJeremy Bulloch
33%
Captain PhasmaGwendoline Christie
33%
Cassian AndorDiego Luna
33%
Biggs DarklighterGarrick Hagon
33%
Bib FortunaMichael Carter
33%
Darth SidiousIan McDiarmid
33%
Darth VaderDavid Prowse
33%
Baze MalbusJiang Wen
33%
Director KrennicBen Mendelsohn
33%
General GrievousMatthew Wood
33%
Poggle the LesserMarton Csokas
0%
Shaak TiOrli Shoshan
0%
SebulbaLewis MacLeod
0%
Saesse TiinKenji Oates
0%
BB-8Brian Herring
0%
Agen KolarTux Akindoyeni
0%
Zam WesselLeeanna Walsman
0%
Han SoloHarrisson Ford
0%
Nien NunbMike Quinn
0%
BosskSeth Green
0%
Plo KoonMatt Sloan
0%
Owen LarsJoel Edgerton
0%
IG-88Paul Klein
0%
Chief ChirpaJane Busby
0%
Luminara UnduliMary Oyaya
0%
Chirrut ImweDonnie Yenn
0%
LograyMike Edmonds
0%
LobotJohn Hollis
0%
Kit FistoZac Jensen
0%
DengarMorris Bush
0%
Admiral AckbarErik Bauersfeld
0%
GreedoLarry Ward
0%
ZuckussConan O' Brien
0%

Score Distribution

Percentile by Number Answered

Percent of People with Each Score

Your Score History

You have not taken this quiz since the last reset